| 000 | 00564nam a2200205Ii 4500 | ||
|---|---|---|---|
| 003 | JO-AjNU | ||
| 008 | 230606s9999||||xx |||||||||||||| ||und|| | ||
| 040 |
_aJO-AjNU _beng _erda _cJO-AjNU |
||
| 041 | _aeng | ||
| 050 | 1 | 4 | _aCS71.R67 1963 |
| 100 | 3 |
_aSilverberg, Robert, _eauthor _95537 |
|
| 245 | 0 | 4 | _aThe Fabulous Rockefellers |
| 250 | _aFirst ed | ||
| 264 | 3 | 1 | _aU.S.A: Monarch Books INC , 1963 |
| 300 | _a157P | ||
| 336 |
_atext _btxt _2rdacontent |
||
| 337 |
_aunmediated _bn _2rdamedia |
||
| 338 |
_avolume _bnc _2rdacarrier |
||
| 650 | 4 |
_aBiography _95538 |
|
| 999 |
_aE2864 _c2862 _d2862 |
||